<?xml version="1.0" encoding="UTF-8"?>
<collection xmlns="http://www.loc.gov/MARC21/slim">
<record>
  <controlfield tag="001">77122</controlfield>
  <controlfield tag="005">20210520140807.0</controlfield>
  <datafield tag="020" ind1=" " ind2=" ">
    <subfield code="a">978-84-09-09206-2</subfield>
  </datafield>
  <datafield tag="037" ind1=" " ind2=" ">
    <subfield code="a">TESIS-2019-060</subfield>
  </datafield>
  <datafield tag="041" ind1=" " ind2=" ">
    <subfield code="a">spa</subfield>
  </datafield>
  <datafield tag="080" ind1=" " ind2=" ">
    <subfield code="a">331; 37</subfield>
  </datafield>
  <datafield tag="100" ind1="1" ind2=" ">
    <subfield code="a">García Hernández, José Luis</subfield>
  </datafield>
  <datafield tag="245" ind1="0" ind2="0">
    <subfield code="a">El papel de la orientación profesional en las políticas de empleo españolas: Un análisis cualitativo</subfield>
  </datafield>
  <datafield tag="260" ind1=" " ind2=" ">
    <subfield code="a">Zaragoza</subfield>
    <subfield code="b">Universidad de Zaragoza, Prensas de la Universidad</subfield>
    <subfield code="c">2017</subfield>
  </datafield>
  <datafield tag="300" ind1=" " ind2=" ">
    <subfield code="a">632</subfield>
  </datafield>
  <datafield tag="490" ind1="0" ind2=" ">
    <subfield code="a">Tesis de la Universidad de Zaragoza</subfield>
    <subfield code="v">2019-40</subfield>
    <subfield code="x">2254-7606</subfield>
  </datafield>
  <datafield tag="500" ind1=" " ind2=" ">
    <subfield code="a">Presentado:  12 06 2017</subfield>
  </datafield>
  <datafield tag="502" ind1=" " ind2=" ">
    <subfield code="a">Tesis-Univ. Zaragoza, Didáctica de las Lenguas y de las Ciencias Humanas y Sociales, 2017</subfield>
    <subfield code="b">Zaragoza, Universidad de Zaragoza</subfield>
    <subfield code="c">2017</subfield>
  </datafield>
  <datafield tag="506" ind1=" " ind2=" ">
    <subfield code="a">by-nc</subfield>
    <subfield code="b">Creative Commons</subfield>
    <subfield code="c">3.0</subfield>
    <subfield code="u">https://creativecommons.org/licenses/by-nc/3.0/</subfield>
  </datafield>
  <datafield tag="520" ind1=" " ind2=" ">
    <subfield code="a">INTRODUCCIÓN: La orientación profesional desempeña un papel fundamental como elemento conector entre los mundos de la educación formal, el empleo y la formación para el empleo. Actualmente el desarrollo teórico de esta disciplina ofrece aportaciones para lograr una mejor gestión de carreras y competencias profesionales. La orientación está alcanzando un papel formal en las actuales políticas de empleo en España, que contrasta con su desarrollo práctico.  &lt;br />OBJETIVO: Analizar el papel de la orientación profesional en las actuales Políticas de Empleo.  &lt;br />Marcándose los siguientes cuatro objetivos específicos:&lt;br />-Entender las razones por las que la orientación profesional adquiere un papel estratégico en las actuales Estrategias y Políticas de Empleo.  Captando las aportaciones actuales de esta disciplina tanto para la mejora de las condiciones de vida de la ciudadanía, como para el devenir de nuestra sociedad. Analizando los discursos sobre el futuro de la orientación dentro de las políticas de empleo.&lt;br />-Entender las limitaciones, contradicciones, ambivalencias de la Orientación Profesional ante las dinámicas y retos del mercado laboral español.&lt;br />-Explorar el grado de integración que se experimenta en torno a la orientación profesional. Indagando sobre la  interconexión de la orientación con el resto de políticas de empleo (activas y pasivas). Explorando acerca de la  integración y cooperación entre los diferentes agentes que ofrecen servicios de orientación profesional. &lt;br />-Analizar los discursos en torno al planteamiento y cumplimiento de los objetivos fijados para la orientación en materia de Política de Empleo. Describiendo así mismo las propuestas para una mejor evaluación del impacto de dichas medidas de orientación. &lt;br />METODOLOGÍA: Se plantea una investigación cualitativa, para conocer en profundidad este fenómeno complejo. Desarrollando un diseño de Teoría Fundamentada (Grounded Theory), con rasgos emergentes y constructivistas.  El trabajo de campo se desarrolló entre dicembre de 2014 y marzo de 2016, desarrollando 52 entrevistas a personas expertas en orientación profesional y políticas de empleo (autonómicas, nacionales, e internacionales).  El análisis de datos se realizo en el programa ATLAS.ti&lt;br />RESULTADOS: Las principales categorías analizadas en el proceso investigador han sido cinco. &lt;br />En primer lugar, las razones que justifican la intervención de la orientación profesional en materia laboral. &lt;br />En segundo lugar, el futuro y perspectivas que le espera a esta disciplina científica en materia laboral. &lt;br />En tercer lugar, las limitaciones que muestra el sistema de orientación profesional en España. &lt;br />En cuarto lugar, el grado de integración de las políticas y medidas de orientación. &lt;br />Y en quinto lugar, la evaluación actual de la orientación profesional en materia de política de empleo. &lt;br />Del estudio emergen toda una serie de 27 subcódigos, entre los que se pueden destacar como más relevantes y más citados: &lt;br />La falta de una estrategia global de fondo en orientación profesional. &lt;br />Las dificultades de realización efectiva de la orientación profesional en España. &lt;br />El desborde del sistema de orientación en estos últimos años. &lt;br />La orientación ante una nueva cultura de empleo de empleo en España. &lt;br />El peso de los principios de prevención y desarrollo. &lt;br />La diversidad de propuestas evaluadoras, y la complejidad de la tarea. &lt;br />La imagen social, y los dilemas éticos de la orientación en España. &lt;br /></subfield>
  </datafield>
  <datafield tag="520" ind1=" " ind2=" ">
    <subfield code="a">&lt;br /></subfield>
  </datafield>
  <datafield tag="521" ind1=" " ind2=" ">
    <subfield code="9">7092</subfield>
    <subfield code="a">Programa de Doctorado en Educación</subfield>
  </datafield>
  <datafield tag="653" ind1="1" ind2=" ">
    <subfield code="a">orientacion vocacional y profesional</subfield>
  </datafield>
  <datafield tag="653" ind1="1" ind2=" ">
    <subfield code="a">desempleo</subfield>
  </datafield>
  <datafield tag="700" ind1=" " ind2=" ">
    <subfield code="a">Cortes Pascual, M. Pilar Alejandra</subfield>
    <subfield code="e">dir.</subfield>
  </datafield>
  <datafield tag="710" ind1="2" ind2=" ">
    <subfield code="a">Universidad de Zaragoza</subfield>
    <subfield code="b">Didáctica de las Lenguas y de las Ciencias Humanas y Sociales</subfield>
  </datafield>
  <datafield tag="830" ind1=" " ind2=" ">
    <subfield code="9">504</subfield>
  </datafield>
  <datafield tag="856" ind1="0" ind2=" ">
    <subfield code="f">tdr@unizar.es</subfield>
  </datafield>
  <datafield tag="856" ind1="4" ind2=" ">
    <subfield code="s">4475197</subfield>
    <subfield code="u">http://zaguan.unizar.es/record/77122/files/TESIS-2019-060.pdf</subfield>
  </datafield>
  <datafield tag="909" ind1="C" ind2="O">
    <subfield code="o">oai:zaguan.unizar.es:77122</subfield>
    <subfield code="p">driver</subfield>
    <subfield code="p">tesis</subfield>
  </datafield>
  <datafield tag="910" ind1="2" ind2=" ">
    <subfield code="b">Didáctica de las Lenguas y de las Ciencias Humanas y Sociales</subfield>
  </datafield>
  <datafield tag="980" ind1=" " ind2=" ">
    <subfield code="a">TESIS</subfield>
  </datafield>
</record>
</collection>